Fundamentals of statistics (Record no. 2062)

MARC details
000 -LEADER
fixed length control field 00527cam a2200205ua 4500
001 - CONTROL NUMBER
control field 2196
005 - DATE AND TIME OF LATEST TRANSACTION
control field 20260515113446.0
008 - FIXED-LENGTH DATA ELEMENTS--GENERAL INFORMATION
fixed length control field 110806n ii |||gr||||Z||||||eng
020 ## - INTERNATIONAL STANDARD BOOK NUMBER
International Standard Book Number 978-81-8318-755-8
040 ## - CATALOGING SOURCE
Transcribing agency MAIN
082 ## - DEWEY DECIMAL CLASSIFICATION NUMBER
Classification number 519.5
100 ## - MAIN ENTRY--PERSONAL NAME
Personal name Gupta, S. C.,
Relator term Author.
245 1# - TITLE STATEMENT
Title Fundamentals of statistics
Statement of responsibility, etc. by S. C. Gupta
250 ## - EDITION STATEMENT
Edition statement 6th.
260 ## - PUBLICATION, DISTRIBUTION, ETC.
Place of publication, distribution, etc. New Delhi:
Name of publisher, distributor, etc. Himalaya publishing house,
Date of publication, distribution, etc. 2008.
300 ## - PHYSICAL DESCRIPTION
Extent 25.52p:
Dimensions 25cm.
653 ## - INDEX TERM--UNCONTROLLED
Uncontrolled term Education
653 ## - INDEX TERM--UNCONTROLLED
Uncontrolled term Fundamentals of statistics
942 ## - ADDED ENTRY ELEMENTS (KOHA)
Koha item type Books
Holdings
Withdrawn status Lost status Damaged status Not for loan Home library Current library Shelving location Date acquired Total checkouts Full call number Barcode Date last seen Date last checked out Copy number Price effective from Koha item type
        Naharkatiya College Library Naharkatiya College Library General stacks 09/19/2020 5 519.5 | GUP 18224 04/29/2026 08/20/2022 1 09/19/2020 Books